[Event "Madrid"]
[Site "Madrid"]
[Date "1996.??.??"]
[Round "?"]
[White "Topalov, Veselin"]
[Black "Gelfand, Boris"]
[Result "1/2-1/2"]
[WhiteElo "2700"]
[BlackElo "2700"]

1.e4 c5 2.Nf3 d6 3.d4 cxd4 4.Nxd4 Nf6 5.Nc3 a6 6.Be3 e5 7.Nb3 Be6 8.f3 Nbd7
9.g4 b5 10.g5 Nh5 11.a4 bxa4 12.Rxa4 Be7 13.Nd5 Bxg5 14.Bxg5 Qxg5 15.Nc7+ Ke7
16.Nxa8 Qh4+ 17.Kd2 Qg5+ 18.Ke1 Qh4+ 19.Kd2 Qg5+ 20.Ke1 Qh4+  1/2-1/2

[Event "Madrid"]
[Site "Madrid"]
[Date "1996.??.??"]
[Round "2"]
[White "Shirov, Alexei"]
[Black "Topalov, Veselin"]
[Result "1/2-1/2"]
[WhiteElo "2690"]
[BlackElo "2700"]

1.e4 c5 2.Nf3 d6 3.d4 cxd4 4.Nxd4 Nf6 5.Nc3 g6 6.Be3 Bg7 7.Be2 O-O 8.Qd2 Nc6
9.O-O-O Nxd4 10.Bxd4 Be6 11.h4 Qa5 12.Qg5 b5 13.Qxb5 Qc7 14.e5 Ne8 15.exd6 Nxd6
16.Qc5 Qxc5 17.Bxc5 Bxc3 18.bxc3 Rfc8 19.Bxd6 exd6 20.Rxd6 Rxc3 21.h5 Rc5
22.Kb2 Rf5 23.Rb1  1/2-1/2

[Event "Madrid"]
[Site "Madrid"]
[Date "1996.??.??"]
[Round "4"]
[White "San Segundo, Pablo"]
[Black "Kortschnoj, Viktor"]
[Result "0-1"]
[WhiteElo "2535"]
[BlackElo "2645"]

1.d4 Nf6 2.c4 e6 3.Nf3 Bb4+ 4.Nbd2 b6 5.a3 Bxd2+ 6.Bxd2 Bb7 7.Bg5 d6 8.e3 Nbd7
9.Bh4 O-O 10.Bd3 c5 11.O-O cxd4 12.exd4 d5 13.cxd5 Bxd5 14.Qe2 Bb7 15.Rad1 Rc8
16.Ne5 Qc7 17.Rfe1 Nd5 18.Bg3 Qd8 19.Nxd7 Qxd7 20.Be5 Ne7 21.Qh5 f5 22.Re3 Qd5
23.Bf1 Rf7 24.Rh3 h6 25.Rg3 f4 26.Rg4 Nc6 27.Re1 Nxe5 28.Rxe5 Qxd4 29.Rxe6 Rc1
30.Re8+ Rf8 31.Rxf8+ Kxf8 32.Qb5 a6 33.Qe2 g5 34.g3 Qd5  0-1

[Event "Madrid"]
[Site "Madrid"]
[Date "1996.??.??"]
[Round "4"]
[White "Azmaiparashvili, Zurab"]
[Black "Adams, Michael"]
[Result "1/2-1/2"]
[WhiteElo "2660"]
[BlackElo "2660"]

1.d4 Nf6 2.c4 e6 3.Nc3 Bb4 4.Qc2 O-O 5.a3 Bxc3+ 6.Qxc3 Ne4 7.Qc2 f5 8.e3 b6
9.Ne2 Bb7 10.f3 Nf6 11.Nc3 c5 12.d5 Kh8 13.e4 fxe4 14.Bg5 exd5 15.cxd5 exf3
16.O-O-O d6 17.gxf3 Nbd7 18.f4 a6 19.Bh3 b5 20.Be6 b4 21.Ne4 bxa3 22.bxa3 Qc7
23.Rhe1 Rae8 24.f5 Ba8 25.Qc3 c4 26.Nxf6 Nxf6 27.Bxf6 Rxf6 28.Re4 Qe7 29.Rg1 Qf8
30.Rxc4 Bb7 31.Rg3 h6 32.Kb2 Re7 33.a4 Rxf5 34.Bxf5 Qxf5 35.Rc7 Rxc7 36.Qxc7 Qf6+
37.Qc3 Qf7 38.Qf3 Qe7 39.Ka3 a5 40.Qf5 Qc7 41.Kb2 Qb6+ 42.Kc2 Qc5+ 43.Kb1 Qb4+
44.Kc1 Qc4+ 45.Kb1 Qb4+ 46.Kc1 Qc4+  1/2-1/2